A practical approach to housing law (Record no. 104734)

MARC details
000 -LEADER
fixed length control field 01039cam a2200217 4500
001 - CONTROL NUMBER
control field ##L131375
008 - FIXED-LENGTH DATA ELEMENTS--GENERAL INFORMATION
fixed length control field 051026n2005 000 0 eng u
020 ## - INTERNATIONAL STANDARD BOOK NUMBER
International Standard Book Number 1859419151
-- 9781859419151
035 ## - SYSTEM CONTROL NUMBER
System control number (Sirsi) u131375
041 0# - LANGUAGE CODE
Language code of text/sound track or separate title eng
050 04 - LIBRARY OF CONGRESS CALL NUMBER
Classification number 306.026
100 1# - MAIN ENTRY--PERSONAL NAME
Personal name Robson, Graham
245 02 - TITLE STATEMENT
Title A practical approach to housing law
260 ## - PUBLICATION, DISTRIBUTION, ETC.
Place of publication, distribution, etc. London
Name of publisher, distributor, etc. Cavendish
Date of publication, distribution, etc. 2005
350 ## - PRICE (NR) (BK AM CF MU VM SE) [OBSOLETE]
Price 40
520 ## - SUMMARY, ETC.
Summary, etc. Intended as an accessible guide to housing law and practice this text is divided into five key sections: access to accommodation; security of tenure; disrepair and defective housing; harassment and illegal eviction; and relationship breakdown and rented accommodation. Each section is divided into more specific subjects with extracts from the relevent legislation and flow diagrams showing how to proceed in specfic circumstances. Tables of case law and UK and EU legislation.
590 ## - LOCAL NOTE (RLIN)
Local note IKA170106
690 ## - LOCAL SUBJECT ADDED ENTRY--TOPICAL TERM (OCLC, RLIN)
Topical term or geographic name as entry element PROPERTY-RESIDENTIAL PROPERTY-RESIDENTIAL LANDLORD AND TENANT
700 1# - ADDED ENTRY--PERSONAL NAME
Personal name Roberts, David
942 ## - ADDED ENTRY ELEMENTS (KOHA)
Suppress in OPAC 0
Holdings
Withdrawn status Lost status Source of classification or shelving scheme Damaged status Not for loan Home library Current library Shelving location Date acquired Cost, normal purchase price Total Checkouts Full call number Barcode Date last seen Date last checked out Copy number Cost, replacement price Price effective from Koha item type
    Dewey Decimal Classification     London London Books 17/01/2006 40.00 12 306.026 ROB 30071883 06/08/2019 28/10/2009 1 40.00 06/08/2019 Book